000 00684nam a2200253Ia 4500
003 OSt
005 20221007080442.0
006 a|||||r|||| 00| 0
007 ta
008 221006b |||||||| |||| 00| 0 eng d
020 _a8175344393
_cRs. 1150/-
024 _a11,350
037 _cTextual
040 _aFLL
_cFLL
_beng
041 _2eng
_aeng
082 _aZ2,83, P5
100 _aKhanna A.N.
_9682984
245 0 _aLaw of court fees and suits valuation
250 _a7th
260 _aNew Delhi
_bUniversal Law Publishing Co. Pvt. Ltd. India
_c2006
300 _axliv,1327p
_ccm.
942 _hZ2,83, P5
_cTEXL
_2CC
999 _c1159665
_d1159665